|
|
|
|
| LEADER |
00000nla2a2200000 4500 |
| 001 |
223899 |
| 005 |
20231031200313.0 |
| 035 |
|
|
|a (RuTPU)RU\TPU\book\244170
|
| 035 |
|
|
|a RU\TPU\book\244150
|
| 090 |
|
|
|a 223899
|
| 100 |
|
|
|a 20121017d2011 k y0rusy50 ca
|
| 101 |
0 |
|
|a rus
|
| 102 |
|
|
|a RU
|
| 105 |
|
|
|a y z 101zy
|
| 135 |
|
|
|a drnn ---uucaa
|
| 181 |
|
0 |
|a i
|
| 182 |
|
0 |
|a b
|
| 200 |
1 |
|
|a О прогнозировании распространения дымового факела в атмосфере
|b Электронный ресурс
|f А. М. Веселов, С. В. Голдаев
|
| 203 |
|
|
|a Текст
|c электронный
|
| 215 |
|
|
|a 1 файл (322 Кб)
|
| 230 |
|
|
|a Электронные текстовые данные (1 файл : 322 Кб)
|
| 300 |
|
|
|a Заглавие с титульного листа
|
| 300 |
|
|
|a Электронная версия печатной публикации
|
| 337 |
|
|
|a Adobe Reader
|
| 463 |
|
1 |
|0 (RuTPU)RU\TPU\book\241205
|t Энергетика: эффективность, надёжность, безопасность
|o материалы XVII Всероссийской научно-технической конференции, Томск, 7-9 декабря 2011 г.
|f Национальный исследовательский Томский политехнический университет (ТПУ)
|v [С. 271-273]
|d 2011
|
| 610 |
1 |
|
|a программы
|
| 610 |
1 |
|
|a Turbo Pascal
|
| 610 |
1 |
|
|a математические модели
|
| 610 |
1 |
|
|a выбросы в атмосферу
|
| 610 |
1 |
|
|a дым
|
| 610 |
1 |
|
|a факелы
|
| 610 |
1 |
|
|a распространение в атмосфере
|
| 610 |
1 |
|
|a прогнозирование
|
| 610 |
1 |
|
|a электронный ресурс
|
| 610 |
1 |
|
|a труды учёных ТПУ
|
| 700 |
|
1 |
|a Веселов
|b А. М.
|
| 701 |
|
1 |
|a Голдаев
|b С. В.
|c специалист в области теплотехники
|c профессор Томского политехнического университета
|f 1950-
|g Сергей Васильевич
|2 stltpush
|3 (RuTPU)RU\TPU\pers\26860
|
| 801 |
|
1 |
|a RU
|b 63413507
|c 20120926
|
| 801 |
|
2 |
|a RU
|b 63413507
|c 20121017
|g RCR
|
| 856 |
4 |
|
|u http://www.lib.tpu.ru/fulltext/v/Conferences/2011/K06/116103.pdf
|
| 942 |
|
|
|c CF
|